| 000 | 00538nam a22001817a 4500 | ||
|---|---|---|---|
| 005 | 20240402150533.0 | ||
| 010 | _aENG-140009 | ||
| 020 |
_a9788194181965 _c250.00 |
||
| 035 | _aEN-123541 | ||
| 037 | _bDBAD/PUB | ||
| 100 |
_aBasu,Samantakshobhan _964195 |
||
| 245 |
_aThe Tempering Of Steel/ _cSayamanakshobhan Basu |
||
| 260 |
_akolkata _bWrite Workshop |
||
| 270 |
_aC-532,Lake Garden _bKolkata _e700045 |
||
| 300 |
_a78pg; _c22cm(Pb) |
||
| 700 |
_aBasu, Sayamantakshobhan _964171 |
||
| 942 |
_2ddc _cEN _h881 _mBAS |
||
| 999 |
_c201890 _d201890 |
||